| 000 | 01213nam a2200253 i 4500 | ||
|---|---|---|---|
| 001 | 153128 | ||
| 003 | ES-MaACL | ||
| 005 | 20251003190324.0 | ||
| 008 | 051004s1893 fr |||| | fre d | ||
| 040 |
_aCAM _bspa _cCAM |
||
| 245 | 0 | 4 |
_aLes chroniques de Zar'a Yâeqôb et de Ba'eda Mâryâm, rois d'Éthiopie de 1434 à 1478 _b: (texte éthiopien et traduction) / _cprécédées d'une introduction, par Jules Perruchon. |
| 260 |
_aParis : _bÉmile Bouillon, _c1893 ( _fImp. Polyglotte A. Lanier et ses fils) |
||
| 300 |
_aXL, 206 p., [1] h. pleg. ; _c24 cm. |
||
| 490 | 1 |
_aBibliothèque de l'ecole pratique des hautes etudes. _aSciences philologiques et historiques ; _v93 |
|
| 546 | _aTexto en francés y etíope. | ||
| 600 | 0 | 7 |
_aConstantino _bI, _cEmperador de Etiopía, _d1434-1468 _2 _9162862 |
| 600 | 0 | 4 |
_aBaeda Mariam _bI _cEmperador de Etiopía ( _d1468-1478) _9162863 |
| 651 | 4 |
_aEtiopía- _xHistoria- _yHasta 1490. _9162864 |
|
| 700 | 1 |
_aPerruchon, Jules. _9131052 |
|
| 752 |
_aFrancia - _dParís |
||
| 830 | 0 | 0 |
_aBibliothèque de l'École des Hautes Études. Sciences historiques et philologiques _v93 _9229685 |
| 852 |
_aES-MaACL _jC-7614 _z- Enc. hol. |
||
| 999 |
_c153128 _d153128 |
||